00626nam a2200205Ia 450000500170000000800410001702000180005804000180007604100080009408200220010210000190012424500890014325000120023226000350024430000280027965000260030765000330033365000300036670000240039620251028095342.0210716s2012 xx 000 0 und d a9788177581775 cAIMIT LIBRARY aeng a005.758 22bOZSM aOzsu, M Tamer. aPrinciples of distributed database systems /cBy M Tamer Ozsu and Patrick Valduriez. a2nd ed. aNew Delhi :bSpringer ,c2012. axvi, 590p. ;cPBb25cm. aSemantic data control aDistributed DBMS reliability aParallel database systems aValduriez, Patrick.